Normal view
MARC view
- Philpott, Stuart F
Entry Personal Name
001 - CONTROL NUMBER
- control field: 6568
003 - CONTROL NUMBER IDENTIFIER
- control field: OSt
005 - DATE AND TIME OF LATEST TRANSACTION
- control field: 20241223160134.0
008 - FIXED-LENGTH DATA ELEMENTS
- fixed length control field: 241223|| aca||aabn | a|a d
040 ## - CATALOGING SOURCE
- Original cataloging agency: OSt
- Transcribing agency: OSt
100 ## - HEADING--PERSONAL NAME
- Personal name: Philpott, Stuart F
670 ## - SOURCE DATA FOUND
- Source citation: Work cat.: (OSt)5488: Philpott, Stuart F ., Modern armature construction winding and repair / , 1954.
